000 00950cam a2200301 4500
008 090401t1992 xxu||||| |||| 00| 0 eng d
020 _a0922154090
035 _a(Sirsi) u36898
041 _aeng
050 _a333.3320973
110 _aAppraisal Institute
_92987
245 _aMeasuring the effects of hazardous materials contamination on real estate values: techniques and applications.
260 _aChicago, IL
_bAppraisal Institute
_c1992
300 _ax,155p. ; 28cm.
350 _a25
490 _aAppraisal Institute Research Publication
650 _aMANAGEMENT-HEALTH AND SAFETY-HAZARDOUS SUBSTANCES-ASBESTOS
650 _aCONTAMINATED LAND
650 _aHAZARDOUS MATERIALS
650 _aPROPERTY VALUES
650 _aRADIOACTIVE CONTAMINATION
650 _aUNITED STATES
650 _aURANIUM PROCESSING PLANT
650 _aValuation
_96273
690 _aRATING AND VALUATION
942 _n0
948 _c04/03/1997
999 _c90400
_d90400